Newbery Award Winners - Statistics

General Stats
  • This quiz has been taken 12 times
  • The average score is 9 of 15
Answer Stats
Hint Answer % Correct
A ________ in time Wrinkle
100%
Roll of _______ , hear my cry Thunder
89%
___ , not Buddy Bud
78%
From the mixed-up ______ of Mrs. Basil E. Frankweiler Files
78%
Call it _______ Courage
67%
_____ have I loved Jacob
56%
Number the _____ Stars
56%
The ______ bow Bronze
44%
The ____ king High
44%
Maniac _______ Magee
44%
A single _____ Shard
44%
_______ of the swans summer
44%
The _____ from Saturday View
44%
A year down _______ Yonder
44%
Dear Mr. ________ Henshaw
33%
No matching quizzes found
Score Distribution
Percent of People with Each Score
Percentile by Number Answered
Your Score History
You have not taken this quiz